| 000 | 00628nam a2200181Ia 4500 | ||
|---|---|---|---|
| 008 | 140429s9999 xx 000 0 und d | ||
| 020 | _a9789710538126 | ||
| 050 |
_aHQ 1757 _b.M813 2010 |
||
| 245 |
_aMore Pinay than we admit : _bthe social construction of the Filipina / _cedited by : Maria Luisa T. Camagay. |
||
| 260 |
_aQuezon City : _bVibal Foundation, _cc2010. |
||
| 300 |
_a359 p. : _bill. ; _c23 cm. |
||
| 500 | _aIncludes bibliographical references and index. | ||
| 521 | _aGE | ||
| 650 |
_aWomen _xPhilippines --History. |
||
| 650 |
_aWomen _xPhilippines --Social conditions. |
||
| 942 |
_kLOC _cBK |
||
| 999 |
_c115747 _d115747 |
||